| 000 | 00622nam a2200229Ia 4500 | ||
|---|---|---|---|
| 003 | OSt | ||
| 005 | 20220928130709.0 | ||
| 006 | a|||||r|||| 00| 0 | ||
| 007 | ta | ||
| 008 | 220927b |||||||| |||| 00| 0 eng d | ||
| 024 | _a27770 | ||
| 037 | _cTextual | ||
| 040 |
_aSDCL _cSDCL _beng |
||
| 041 |
_2eng _aeng |
||
| 082 | _aI9 X, 22, P1 | ||
| 100 |
_aTrivedi Pravin Chandra Ed. _9453811 |
||
| 245 | 0 | _aAlgal biotechnology. | |
| 260 |
_aJaipur _bPointer Publishers _c2001 |
||
| 300 |
_axxii,398p. _ccm. |
||
| 942 |
_hI9 X, 22, P1 _cTEXL _2CC |
||
| 999 |
_c788139 _d788139 |
||